000 00542nam a2200217Ia 4500
003 OSt
005 20220926044952.0
006 a|||||r|||| 00| 0
007 ta
008 220923b |||||||| |||| 00| 0 eng d
037 _cGeneral Book
040 _aRTL
_cRTL
_beng
041 _2eng
_aeng
082 _aX72.2.N7, L6
100 _aGandhi
_9152343
245 0 _aSome aspects of indian force structure
260 _c1976
300 _a202p
_ccm.
942 _hX72.2.N7, L6
_cGB
_2CC
999 _c676320
_d676320